书目信息 |
| 题名: |
乔姆斯基的形式句法
|
|
| 作者: | 石定栩 著 | |
| 分册: | ||
| 出版信息: | 北京 北京语言文化大学出版社 2002 |
|
| 页数: | 375页 | |
| 开本: | 20cm | |
| 丛书名: | 新世纪语言学应用语言学丛书 | |
| 单 册: | ||
| 中图分类: | H0-06 | |
| 科图分类: | ||
| 主题词: | 语言学派--研究 | |
| 电子资源: | ||
| ISBN: | 7-5619-1032-0 | |
| 000 | 00760nam0 2200241 450 | |
| 001 | 0659453859 | |
| 005 | 20060117163439.07 | |
| 010 | @a7-5619-1032-0@dCNY24.00 | |
| 092 | @aCN | |
| 100 | @a20060117d2002 km y0chiy0120 ea | |
| 101 | 0 | @achi |
| 102 | @aCN@b110000 | |
| 200 | 1 | @a乔姆斯基的形式句法@Aqiao mu si ji de xing shi ju fa@e历史进程与最新理论@f石定栩著@Fshi ding xu zhu |
| 210 | @a北京@c北京语言文化大学出版社@d2002 | |
| 215 | 1 | @a375页@d20cm |
| 225 | @a新世纪语言学应用语言学丛书 | |
| 410 | 0 | @12001 @a新世纪语言学应用语言学丛书 |
| 517 | 1 | @a历史进程与最新理论@Ali shi jin cheng yu zui xin li lun |
| 606 | 0 | @a语言学派@x研究 |
| 690 | @aH0-06@v4 | |
| 701 | 0 | @a石定栩@Ashi ding xu@4著 |
| 801 | 0 | @aCN@bPFT@c20060117 |
| 905 | @a10447@dH0-06@e128 | |
| 乔姆斯基的形式句法:历史进程与最新理论/石定栩著.-北京:北京语言文化大学出版社,2002 |
| 375页;20cm.-(新世纪语言学应用语言学丛书) |
| ISBN 7-5619-1032-0:CNY24.00 |
| ● |
| 相关链接 |
|
|
|
|
正题名:乔姆斯基的形式句法
索取号:H0-06/128
 
预约/预借
| 序号 | 登录号 | 条形码 | 馆藏地/架位号 | 状态 | 备注 |
| 1 | 0338176 | 203381768 | 第二样本阅览室/ [索取号:H0-06/128] | 在馆 | |
| 2 | 0338177 | 203381777 | 第四借阅区/ [索取号:H0-06/128] | 在馆 | |
| 3 | 0338178 | 203381786 | 第四借阅区/ [索取号:H0-06/128] | 在馆 | |
| 4 | 0338179 | 203381795 | 第四借阅区/ [索取号:H0-06/128] | 在馆 | |
| 5 | 0338180 | 203381802 | 第四借阅区/ [索取号:H0-06/128] | 在馆 |